Financovanie firiem formou Asset Backed Securities v podmienkach EÚ

ABS - Asset Backed Securities. ABS predstavuje predaj obchodných pohľadávok, ktoré sú financované z výnosov predaja emitovaných cenných papierov. Priebeh ABS transakcie. Ciele a výhody ABS. Riziká ABS financovania. Opatrenia na zabezpečenie bonity (credit enhancement). Fázy financovania ABS. Podmien...

Ausführliche Beschreibung

Gespeichert in:
Bibliographische Detailangaben
1. Verfasser: Pavelka, Ľuboš, 1962-
Format: Buchkapitel
Sprache:Slowakisch
Schlagworte:
Tags: Tag hinzufügen
Keine Tags, Fügen Sie das erste Tag hinzu!

MARC

LEADER 00000naa$a2200000$$$4500
001 0049973
005 20240502071556.9
041 0 |a slo 
044 |a SK 
245 1 0 |a Financovanie firiem formou Asset Backed Securities v podmienkach EÚ  |c Ľuboš Pavelka 
520 |a ABS - Asset Backed Securities. ABS predstavuje predaj obchodných pohľadávok, ktoré sú financované z výnosov predaja emitovaných cenných papierov. Priebeh ABS transakcie. Ciele a výhody ABS. Riziká ABS financovania. Opatrenia na zabezpečenie bonity (credit enhancement). Fázy financovania ABS. Podmienky ABS. Položky, z ktorých pozostávajú poplatky ABS financovania. Budúcnosť investícií do ABS cenných papierov. 
610 2 0 |a pohľadávky 
610 2 0 |a financovanie 
610 2 0 |a emisie 
610 2 0 |a papiere cenné 
610 2 0 |a rating 
610 2 0 |a firmy 
100 1 |a Pavelka, Ľuboš, 1962-